| 000 | 00722nam a2200217Ii 4500 | ||
|---|---|---|---|
| 003 | JO-AjNU | ||
| 008 | 230605s9999||||xx |||||||||||||| ||und|| | ||
| 017 | _a1987/9/430 | ||
| 040 |
_aJO-AjNU _bara _erda _cJO-AjNU |
||
| 041 | _aara | ||
| 050 | 1 | 4 | _aLB1051.A42 1978 |
| 100 | 3 |
_aعليان،هشام مؤلف/هندي،صالح م.مشارك/الكوفحي،تيسير م.مشارك, _eauthor _917452 |
|
| 245 | 0 | 0 | _aالممحص في علم النفس التربوي |
| 250 | _aط3 | ||
| 264 | 3 | 1 | _aعمان:المؤلفين،1987 |
| 300 | _a235ص | ||
| 336 |
_atext _btxt _2rdacontent |
||
| 337 |
_aunmediated _bn _2rdamedia |
||
| 338 |
_avolume _bnc _2rdacarrier |
||
| 650 | 4 |
_aعلم النفس التربوي _917453 |
|
| 999 |
_aA5392 _c8960 _d8960 |
||